Trucks / (Record no. 2014)

MARC details
000 -LEADER
fixed length control field 01186nam a22003491a 4500
001 - CONTROL NUMBER
control field 2014
003 - CONTROL NUMBER IDENTIFIER
control field FISKH
005 - DATE AND TIME OF LATEST TRANSACTION
control field 20231027154534.0
008 - FIXED-LENGTH DATA ELEMENTS--GENERAL INFORMATION
fixed length control field 100922s2009 nyua j 000|0 eng|d
015 ## - NATIONAL BIBLIOGRAPHY NUMBER
National bibliography number GBB0C0680
Source bnb
020 ## - INTERNATIONAL STANDARD BOOK NUMBER
International Standard Book Number 0312507046
020 ## - INTERNATIONAL STANDARD BOOK NUMBER
International Standard Book Number 9780312507046
040 ## - CATALOGING SOURCE
Original cataloging agency StDuBDS
Language of cataloging eng
Transcribing agency StDuBDS
Modifying agency Uk
042 ## - AUTHENTICATION CODE
Authentication code ukblsr
050 ## - LIBRARY OF CONGRESS CALL NUMBER
Classification number TL230.T7828
082 04 - DEWEY DECIMAL CLASSIFICATION NUMBER
Classification number 629.224
Edition number 22
100 1# - MAIN ENTRY--PERSONAL NAME
Personal name Priddy, Roger.
245 10 - TITLE STATEMENT
Title Trucks /
Statement of responsibility, etc. Roger Priddy.
260 ## - PUBLICATION, DISTRIBUTION, ETC.
Place of publication, distribution, etc. New York ;
Name of publisher, distributor, etc. Priddy,
Date of publication, distribution, etc. 2009.
300 ## - PHYSICAL DESCRIPTION
Extent 10 unnumbered pages :
Other physical details color illustrations ;
Dimensions 17 cm
490 0# - SERIES STATEMENT
Series statement Slide and find
500 ## - GENERAL NOTE
General note Board book.
500 ## - GENERAL NOTE
General note Slide-the-tab book.
505 ## - FORMATTED CONTENTS NOTE
Formatted contents note B<br/><br/>
520 ## - SUMMARY, ETC.
Summary, etc. The youngest readers will love this interactive book with doors to slide and colorful trucks on every page! Introducing different concepts from colors to occupations, this book is full of hidden surprises and questions to encourage learning. For ages 2 and up!
521 8# - TARGET AUDIENCE NOTE
Target audience note 40<br/>
Source Lexile estimate <br/>
521 8# - TARGET AUDIENCE NOTE
Target audience note B<br/>
Source Raz-Plus<br/>
650 #0 - SUBJECT ADDED ENTRY--TOPICAL TERM
Topical term or geographic name entry element Trucks
Form subdivision Pictorial works
-- Juvenile literature.
650 #0 - SUBJECT ADDED ENTRY--TOPICAL TERM
Topical term or geographic name entry element Toy and movable books.
650 #0 - SUBJECT ADDED ENTRY--TOPICAL TERM
Topical term or geographic name entry element Board books.
942 ## - ADDED ENTRY ELEMENTS (KOHA)
Source of classification or shelving scheme Dewey Decimal Classification
Koha item type Books
Suppress in OPAC No
Holdings
Withdrawn status Lost status Source of classification or shelving scheme Damaged status Not for loan Collection Home library Current library Shelving location Date acquired Total Checkouts Full call number Barcode Date due Date last seen Date last checked out Price effective from Koha item type
    Dewey Decimal Classification     Non-Fiction Footprints International School Library Network Toul Kork Campus Footprints International School Library Network Toul Kork Campus TK Primary Library Room(4th Floor), Bookcase 7, Shelves 57-60, Dark Green Books 10/27/2023 5 PRI 629.224 TL230.T7828 FISTK02838 03/26/2026 03/12/2026 03/12/2026 10/27/2023 Books